000
00273 a2200097 4500
001
54987
100
_a
Linz, Peter
245
_a
Introduction to formal languages and automata, 4th Ed
260
_a
London
_b
Jones & Barlett Pub, London
_c
2006
090
_c
34082
_d
34082
942
_a
NUST-CAE
_c
MONOGRAPH
_c
26761
999
_c
290060
_d
290060